Normal view MARC view

Entry Topical Term

Number of records used in: 1

001 - CONTROL NUMBER

  • control field: 18240

003 - CONTROL NUMBER IDENTIFIER

  • control field: OSt

005 - DATE AND TIME OF LATEST TRANSACTION

  • control field: 20201005155300.0

008 - FIXED-LENGTH DATA ELEMENTS

  • fixed length control field: 201005|| aca||aabn | a|a d

040 ## - CATALOGING SOURCE

  • Original cataloging agency: OSt
  • Transcribing agency: OSt

150 ## - HEADING--TOPICAL TERM

  • Topical term or geographic name entry element: Employment - Germany, Income - Germany

670 ## - SOURCE DATA FOUND

  • Source citation: Work cat.: (OSt): Bruckmeier, K., Lietzmann, T., and Saile, A. 18239, Welfare Dynamics and Employment: Heterogeneous Paths Through Means-tested Basic Income in Germany

Powered by Koha